00900naa a2200229 a 450000100080000000500110000800800410001910000170006024502850007726000090036265000270037165300230039865300180042165300120043965300290045165300260048070000220050670000180052870000130054670000150055977300960057419674192013-09-30 2001 bl --- 0-- u #d1 aYOUNG, J. M. aA revision of Rhizobium Frant 1889, with an emended description of the genus, and the inclusion of all species of Agrobacterium Conn 1942 and Allorhizobium undicola de Lajudie et al. 1998 as new combinationsbRhizobium radiobacter, R. rhizogenes, R. rubi, R. undicola and R. vitis c2001 aAllorhizobium undicola aAgrobacterium Conn aR. rhizogenes aR. rubi aR. undicola and R. vitis aRhizobium radiobacter1 aKUYKENDALL, L. D.1 aROMERO, E. M.1 aKERR, A.1 aSAWADA, H. tInternational Journal of Systematic and Evolutionary Microbiology.gv. 51, p. 89-103, 2001.